Environmental law and policy in the People's Republic of China /

Bibliographic Details
Main Author: Ross, Lester
Other Authors: Silk, Mitchell A.
Format: Book
Language:English
Published: New York : Quorum Books, 1987.
Subjects:

MARC

Tag First Indicator Second Indicator Subfields
LEADER 00000cam a2200000 a 4500
001 in00000018482
005 20151007053244.0
008 860814s1987 nyu b 001 0 eng
010 |a  86022503  
020 |a 0899302041 (lib. bdg. : alk. paper) 
035 |a (OCoLC)ocm14165634 
035 |9 AAB0982AM 
040 |a DLC  |c DLC  |d TXA  |d UtOrBLW 
043 |a a-cc--- 
049 |a TXAM 
050 0 0 |a KNQ3127  |b .R67 1987 
082 0 0 |a 344.51/046  |a 345.10446  |2 19 
100 1 |a Ross, Lester. 
245 1 0 |a Environmental law and policy in the People's Republic of China /  |c Lester Ross and Mitchell A. Silk. 
264 1 |a New York :  |b Quorum Books,  |c 1987. 
300 |a xvi, 449 pages ;  |c 24 cm. 
336 |a text  |b txt  |2 rdacontent 
337 |a unmediated  |b n  |2 rdamedia 
338 |a volume  |b nc  |2 rdacarrier 
500 |a Includes index. 
504 |a Includes bibliographical references (pages [431]-445) and index. 
650 0 |a Environmental law  |z China. 
650 0 |a Conservation of natural resources  |x Law and legislation  |z China. 
650 0 |a Environmental policy  |z China. 
650 0 |a Conservation of natural resources  |x Government policy  |z China. 
700 1 |a Silk, Mitchell A. 
994 |a C0  |b TXA 
999 |a MARS 
999 f f |s 7d7ae18a-ee6c-34f8-bd37-7926c43f0fb6  |i b4980cae-cfe1-3b7f-8d8e-f886739c8a64  |t 0 
952 f f |p ric  |a Texas A&M University  |b Rellis Campus  |c Joint Library Facility  |d Remote Storage  |t 0  |e KNQ3127 .R67 1987  |h Library of Congress classification  |i unmediated -- volume  |m A14811486850 
998 f f |a KNQ3127 .R67 1987  |t 0  |l Remote Storage